000 00491nam a2200193Ia 4500
003 GCL
008 140319s9999 xx 000 0 eng d
040 _aGCL /
_cGCL
082 0 4 _a738.2
_bM P
100 1 _aMASIAS, MARIE-THERESE
245 1 0 _aPAINTING ON CHINA /
_cMASIAS, MARIE-THERESE
260 _a[S.N] :
_bEP PUBLISHING LIMITED ،
_c1982
300 _a64
650 0 4 _aHANDCRAFT
650 0 4 _aCHINA
650 0 4 _aCHINESE ARTS
650 0 4 _aPAINTING - CERAMICS
942 _2ddc
_cBK
999 _c23938
_d23938